| 000 -ლიდერი |
| ფიქსირებული სიგრძის საკონტროლო ველი |
00981nam a22001937a 4500 |
| 003 - საკონტროლო ნომრის იდენტიფიკატორი |
| საკონტროლო ველი |
Ge_BSU |
| 005 - ბოლო ოპერაციის თარიღი და დრო |
| საკონტროლო ველი |
20250613112329.0 |
| 008 - ფიქსირებული სიგრძის მონაცემთა ელემენტები - ზოგადი ინფორმაცია |
| ფიქსირებული სიგრძის საკონტროლო ველი |
250613s2000 ge ||||| |||| 00| 0 geo d |
| 041 ## - ენის კოდი |
| Language code of text/sound track or separate title |
geo |
| 080 ## - უნივერსალური ათობითი კლასიფიკაციის ინდექსი |
| Universal Decimal Classification number |
630(479.22) გ-48 |
| 100 ## - მთავარი ჩანაწერი - პიროვნების სახელი |
| Personal name |
გიგაური, გიორგი |
| 9 (RLIN) |
5991 |
| 245 ## - ცნობა სათაურის შესახებ |
| Title |
საქართველოს ტყის ბიოლოგიური მრავალფეროვნება / |
| Statement of responsibility, etc |
გიორგი გიგაური; რედ. თ. ურუშაძე. |
| 264 ## - წარმოების, გამოცემის, დისტრიბუციის და სხვა ცნობები |
| გამოცემის, წარმოების, დისტრიბუციის... ადგილი |
თბ., |
| გამოცემის, წარმოების, დისტრიბუციის... თარიღი |
2000. |
| 300 ## - ფიზიკური აღწერა |
| Extent |
160გვ. : |
| Other physical details |
სურ. და ნახაზ. ; |
| Dimensions |
24სმ. |
| 653 ## - INDEX TERM--UNCONTROLLED |
| Uncontrolled term |
საქართველოს სატყეო მეურნეობა |
| 700 ## - ADDED ENTRY--PERSONAL NAME |
| Personal name |
ურუშაძე, თენგიზ |
| Relator term |
რედაქტორი |
| 9 (RLIN) |
25413 |
| 856 ## - ELECTRONIC LOCATION AND ACCESS |
| Uniform Resource Identifier |
https://dspace.nplg.gov.ge/bitstream/1234/485778/1/SaqartvelosTyisBiologiuriMravalferovneba.pdf |
| Link text |
ელ. ვერსია |
| 942 ## - ADDED ENTRY ELEMENTS (KOHA) |
| Source of classification or shelving scheme |
|
| Koha item type |
წიგნი |